008700000a22002530004500003001100000005001700011008004100028040003900069041000800108082001700116100002600133245002000159260002600179300004300205490003100248650003400279650003600313650002500349700002000374856010800394942000700502952009200509999001500601LK-CoMWRAF20240113150042.0230817t1990 ||||| |||| 00| 0 eng d aLK-CoMWRAFdLK-CoMWRAFeLK-CoMWRAF aeng a297.197bOMR aOmri, Syed Jalaluddin aWoman and Islam aAligarh:bITTI,c1990 a 103 p. ; 22 cmbBibliography included aPublication series vno.15 aMuslim women- Conduct of life aMuslim women- Social conditions aWomen in the Qurʼan aKausar, Zeenath uhttps://citeseerx.ist.psu.edu/document?repid=rep1&type=pdf&doi=46996d44e1a273312da9049496172d2b34fe0102 cBK 00104070aMAINbMAINd2023-08-17l0o297.197 OMRpRAF3505r2023-08-17w2023-08-17yBK c1647d1647